| 000 | 01489nam a22002777a 4500 | ||
|---|---|---|---|
| 001 | EPSA 0325 | ||
| 003 | gtcocun | ||
| 005 | 20250827192500.0 | ||
| 006 | a||||gr|||| 00| 0 | ||
| 007 | ta | ||
| 008 | 250827b2025 gt ||||| m||| 00| 0 eng d | ||
| 040 |
_agtcocun _bSPA _cgtcocun _eRDA |
||
| 041 | _aSPA EPSA 0325 | ||
| 084 | _0EPSA 0325 | ||
| 100 |
_aXoná Súc, Elma Bernardina _eAutor |
||
| 245 |
_aINFORME FINAL DEL EJERCICIO PROFESIONAL SUPERVISADO REALIZADO EN COOPERATIVA BUENA SEMILLA R.L. UBICADA EN EL MUNICIPIO DE CHICAMÁN, DEPARTAMENTO DE QUICHÉ. _cElma Bernardina Xoná Súc. _hImpreso |
||
| 264 |
_aCobán, Alta Verapaz: _bUniversidad de San Carlos de Guatemala, Centro Universitario del Norte, Licenciatura en Administración de Empresas _c2025 |
||
| 300 |
_a50 p.: _bIlustraciones, gráficas. _c28 cm; |
||
| 502 | _eEPSA 0325 | ||
| 502 |
_aEjercicio Profesional Supervisado _bLicenciatura en Administración de Empresas, _cUniversidad de San Carlos de Guatemala, Centro Universitario del Norte, Licenciatura en Administración de Empresas _d2025 _oEPSA 0325 |
||
| 650 |
_2LEMB _aChicamán, Quiché _xAdministración _xEjercicio profesional supervisado _xDiagnóstico _xOrganizacional _xPlanificación _xEjecución _xDescripción _xAnálisis _xDiscusión |
||
| 700 |
_aLcda. Aura Violeta Recinos Hércules _eAsesor |
||
| 856 |
_uSin archivo en línea. _zSin archivo en línea. |
||
| 942 |
_2ddc _cTES _iEPSA 0325 _kClasificación _n0 _6EPSA_0325_000000000000000 |
||
| 999 |
_c1467 _d1467 |
||